000 00327pab a2200145 454500
008 180718b2001 xxu||||| |||| 00| 0 eng d
100 _aBawa, P.S.
245 _aEnemies of good policing
260 _c2001
300 _ap.35-39
362 _aApr-Jun
650 _aPolice
773 _aIndian Police Journal
909 _a51752
999 _c51752
_d51752